000 01299cam a22003737a 4500
003 CHAP
005 20220329142101.0
008 990603d1978 mx ab r 00110 spa d
010 _a78134
011 _a79106
020 _a8474790174
035 _a89258
040 _cCHAP
082 0 4 _a338.10946
_bF4
100 0 0 _aFenollar, Rafael Juan i.
_940042
245 1 3 _aLa formación de la agroindustria en España :
_buna aproximación causal y regional
_c/por Fenollar, Rafael Juan i
260 _a[Madrid] :
_bMinisterio de Agricultura. Secretaría General Técnica,
_c1978.
300 _a283 p. :
_bilus. ; gráfs., mapas
410 _aMinisterio de Agricultura.
490 0 _aEstudios
590 _aBATCH-UPD
_b10
_c20130109
_lUCH01
_h2328
590 _aBATCH-UPD
_b10
_c20130110
_lUCH01
_h0544
590 _aBATCH-UPD
_b10
_c20130110
_lUCH01
_h2324
590 _aBATCH-UPD
_b10
_c20130409
_lUCH01
_h1854
590 _aBATCH-UPD
_b10
_c20130914
_lUCH01
_h1355
590 _aCONVERSION
_b10
_c20130109
_lUCH01
_h1343
650 1 4 _aIndustrias agrícolas
_xEspaña.
_957946
810 0 0 _aMinisterio de Agricultura.
_975958
830 0 _aEstudios
_938514
901 _aBK
905 _aBlanca M. García O.
942 _cLIBRO
949 _a338.10946 F4
_bBC
_cLIBRO
_d33724000726113
_eLIBRO
_h95565
_i89258
_si
999 _c78134
_d78134